World Economic and social survey 2011 : the great green technological transformation.

Bibliographic Details
Corporate Author: United Nations
Format: Book
Published: New York: United Nations Publication, 2011.
Subjects:
LEADER 00485cam a2200145 7i4500
001 0000027440
005 20120106090000.0
020 0 0 |a 9789211091632  
090 0 0 |a I 330.9   |b UNI 
110 2 0 |a United Nations 
245 2 0 |a World Economic and social survey 2011 :   |b the great green technological transformation. 
260 0 0 |a New York:   |b United Nations Publication,   |c 2011. 
300 # # |a 211p. 
650 0 0 |a Green technology --   |x Surveys  
999 |a 0000029709  |b Book  |c International  |e Business Information Centre